000 00760nam a2200229Ia 4500
001 17011
003 GE_BSU
008 181216s||||||||xx |||||||||||||| ||und||
040 _cGE_BSU
080 _a82-93:821.161.1-31
100 _aკასილი, ლ.
245 _aთეთრი დედოფლის სვლა
245 _bრომანი პროლოგით და ეპილოგით
245 _cრედ.ნ.აგიაშვილი
260 _aთბილისი
260 _bნაკადული
260 _c1960
300 _a222გვ. : ილ: 1ფ. პორტრ. ; 23სმ.
653 _aთეთრი დედოფლის სვლა
653 _aრომანი
942 _cBK
999 _c50073
_d50073